[Event "TCh-ROU 1st League 2019"]
[Site "Mamaia ROU"]
[Date "2019.09.22"]
[Round "2.3"]
[White "Florescu, Codrut-Constantin"]
[Black "Sivuk, Vitaly"]
[Result "0-1"]
[WhiteElo "2286"]
[BlackElo "2559"]
[PlyCount "64"]
[EventDate "2019.09.21"]
[WhiteTeam "Csm Cluj Napoca"]
[BlackTeam "Acs Vados Arad"]

1. d4 Nf6 2. Nf3 g6 3. Bg5 Bg7 4. Nbd2 h6 5. Bxf6 Bxf6 6. e4 d6 7. c3 O-O 8. a4
a5 9. Qb3 e5 10. dxe5 dxe5 11. Bc4 Nd7 12. Qc2 Nc5 13. O-O Bd7 14. b3 Qe7 15.
Rfe1 Rfd8 16. Bd5 Ra7 17. h3 h5 18. Nf1 Bg7 19. Ne3 Qf6 20. Bc4 c6 21. Rad1
Raa8 22. Be2 Qf4 23. Nc4 Be6 24. Rxd8+ Rxd8 25. Nxa5 Nxe4 26. Nxb7 Rd2 27. g3
Qf5 28. Qc1 Bh6 29. Nd6 Nxd6 30. Nxd2 Ne4 31. f4 Nxg3 32. Nf3 Bxf4 0-1

[Event "TCh-ROU 1st League 2019"]
[Site "Mamaia ROU"]
[Date "2019.09.27"]
[Round "7.1"]
[White "Baklan, Vladimir"]
[Black "Florescu, Codrut-Constantin"]
[Result "1-0"]
[WhiteElo "2604"]
[BlackElo "2286"]
[PlyCount "101"]
[EventDate "2019.09.21"]
[WhiteTeam "Cs Studentesc Medicina Timisoara"]
[BlackTeam "Csm Cluj Napoca"]

1. e4 c5 2. Nf3 e6 3. d4 cxd4 4. Nxd4 Nc6 5. Nc3 a6 6. g3 Qc7 7. Bg2 Nf6 8. O-O
Be7 9. Nxc6 dxc6 10. f4 e5 11. f5 h5 12. a4 a5 13. Bf3 Qb6+ 14. Kg2 g6 15. Qd3
Qa6 16. Qxa6 Rxa6 17. Be3 Ng4 18. Bg1 gxf5 19. exf5 Bxf5 20. Bxc6+ Rxc6 21.
Rxf5 f6 22. h3 Nh6 23. Rxh5 Bb4 24. Rf1 Bxc3 25. bxc3 Nf7 26. Rxh8+ Nxh8 27. c4
Rxc4 28. Rxf6 Nf7 29. h4 Rxa4 30. Rb6 Ra2 31. Rxb7 Rxc2+ 32. Kh3 Rc1 33. Be3
Rc4 34. Ra7 a4 35. h5 Re4 36. Bf2 Kf8 37. Bc5+ Kg8 38. Be7 Rc4 39. g4 e4 40.
Bf6 e3 41. Ra8+ Kh7 42. g5 Nxg5+ 43. Bxg5 Rc5 44. Ra7+ Kg8 45. Kg4 Re5 46. Bh4
e2 47. Be1 Rc5 48. h6 a3 49. Rxa3 Kh7 50. Bd2 e1=Q 51. Ra7+ 1-0

[Event "Memorial Josef Kupper 2019"]
[Site "Zurigo SVI"]
[Date "2019.08.15"]
[Round "3.7"]
[White "Florescu, Codrut-Constantin"]
[Black "Bogner, Sebastian"]
[Result "0-1"]
[WhiteElo "2314"]
[BlackElo "2569"]
[PlyCount "62"]
[EventDate "2019.08.14"]

1. Nf3 Nf6 2. b3 g6 3. Bb2 Bg7 4. c4 O-O 5. g3 d6 6. Bg2 e5 7. O-O c5 8. Nc3
Nc6 9. Ne1 Be6 10. e4 Nd4 11. Nc2 Rb8 12. h3 a6 13. Nxd4 cxd4 14. Nd5 b5 15. d3
bxc4 16. dxc4 Nxd5 17. cxd5 Bd7 18. Qd2 f5 19. exf5 gxf5 20. f4 Qb6 21. Rad1 a5
22. Rf2 a4 23. fxe5 dxe5 24. b4 a3 25. Bxa3 e4 26. Qe1 e3 27. Kh2 Ba4 28. Rf4
Bxd1 29. Qxd1 Be5 30. Bc1 Rbc8 31. Qe1 Rc2 0-1

[Event "Iuliu Szabo Memorial 2019"]
[Site "Satu Mare ROU"]
[Date "2019.08.02"]
[Round "1.17"]
[White "Szegedy, Matyas"]
[Black "Florescu, Codrut-Constantin"]
[Result "1-0"]
[WhiteElo "1854"]
[BlackElo "2314"]
[PlyCount "77"]
[EventDate "2019.08.02"]

1. e4 b6 2. Nc3 Bb7 3. g3 h5 4. Bg2 h4 5. d3 e6 6. Nh3 Nc6 7. Be3 Bb4 8. a3
Bxc3+ 9. bxc3 Qe7 10. O-O O-O-O 11. c4 hxg3 12. fxg3 f5 13. Nf4 Qf7 14. exf5
Qxf5 15. Be4 Qa5 16. Ng6 Nf6 17. Nxh8 Rxh8 18. Bg2 Qe5 19. Re1 Qf5 20. Qe2 Ng4
21. Rf1 Qe5 22. Qxg4 Qxe3+ 23. Kh1 Qh6 24. h3 g5 25. Rae1 Nd4 26. Bxb7+ Kxb7
27. Kg2 Nxc2 28. Re4 Rh7 29. Rf2 Nxa3 30. Ra2 Qf6 31. Ree2 Qc3 32. Qe4+ d5 33.
Qxh7 b5 34. cxb5 Nxb5 35. Rab2 Kb6 36. Rec2 Qe5 37. Qd7 a6 38. Qc6+ Ka5 39. Qc5
1-0

[Event "Iuliu Szabo Memorial 2019"]
[Site "Satu Mare ROU"]
[Date "2019.08.03"]
[Round "2.27"]
[White "Saioc, David"]
[Black "Florescu, Codrut-Constantin"]
[Result "0-1"]
[WhiteElo "1528"]
[BlackElo "2314"]
[PlyCount "44"]
[EventDate "2019.08.02"]

1. e4 c5 2. c3 d5 3. exd5 Nf6 4. c4 e6 5. dxe6 Bxe6 6. Be2 Nc6 7. Nf3 Be7 8.
O-O O-O 9. a3 Qd7 10. b3 Rad8 11. Bb2 Bf5 12. Qc1 h6 13. Rd1 Qc7 14. d4 cxd4
15. Nxd4 Nxd4 16. Bxd4 Ng4 17. g3 Rxd4 18. Rxd4 Nxf2 19. b4 Qe5 20. Qf4 Nh3+
21. Kf1 Nxf4 22. Rxf4 Qxa1 0-1

[Event "Iuliu Szabo Memorial 2019"]
[Site "Satu Mare ROU"]
[Date "2019.08.04"]
[Round "3.16"]
[White "Florescu, Codrut-Constantin"]
[Black "Muller, Wilhelm"]
[Result "1/2-1/2"]
[WhiteElo "2314"]
[BlackElo "1895"]
[PlyCount "33"]
[EventDate "2019.08.02"]

1. d4 d5 2. Nf3 Nf6 3. c4 e6 4. Nc3 Be7 5. cxd5 exd5 6. Bf4 c6 7. e3 Nbd7 8.
Be2 O-O 9. O-O Re8 10. Ne5 Bf8 11. Nxd7 Bxd7 12. Bg5 Be7 13. Bxf6 Bxf6 14. Bg4
Bxg4 15. Qxg4 Qc8 16. Qxc8 Raxc8 17. Rac1 1/2-1/2

[Event "Iuliu Szabo Memorial 2019"]
[Site "Satu Mare ROU"]
[Date "2019.08.04"]
[Round "4.21"]
[White "Florescu, Codrut-Constantin"]
[Black "Bucur, Denisa Andreea"]
[Result "1/2-1/2"]
[WhiteElo "2314"]
[BlackElo "1905"]
[PlyCount "39"]
[EventDate "2019.08.02"]

1. d4 d5 2. Nf3 Nf6 3. c4 dxc4 4. e3 a6 5. Bxc4 e6 6. O-O Nbd7 7. Re1 b5 8. Bd3
c5 9. a4 b4 10. Nbd2 Bb7 11. e4 cxd4 12. e5 Nd5 13. Nc4 Nc5 14. Na5 Nxd3 15.
Qxd3 Nb6 16. Ng5 Bd5 17. Qxd4 Rc8 18. Qf4 Qd7 19. Be3 Nc4 20. Rac1 1/2-1/2

[Event "Iuliu Szabo Memorial 2019"]
[Site "Satu Mare ROU"]
[Date "2019.08.05"]
[Round "5.20"]
[White "Velcherean, Vasile-Adrian"]
[Black "Florescu, Codrut-Constantin"]
[Result "0-1"]
[WhiteElo "1894"]
[BlackElo "2314"]
[PlyCount "98"]
[EventDate "2019.08.02"]

1. d4 b6 2. e4 Bb7 3. Nc3 e6 4. Nf3 Bb4 5. Bd3 Nf6 6. Qe2 d5 7. exd5 Qxd5 8.
Bd2 Bxc3 9. Bxc3 O-O 10. b3 Nbd7 11. O-O-O a5 12. Ne5 a4 13. f3 axb3 14. axb3
Qd6 15. Nc4 Qe7 16. Bb2 Ra2 17. c3 Rfa8 18. Bb1 R2a7 19. Ne5 Nf8 20. Rhe1 Rc8
21. f4 c5 22. f5 cxd4 23. Rxd4 Bd5 24. Bc2 Rac7 25. Qd2 b5 26. g4 h6 27. h4
N6h7 28. Ng6 Qf6 29. Nxf8 Rxf8 30. Qd3 Qxh4 31. Rf1 Nf6 32. Kb1 Bg2 33. Rd8 Rc8
34. Rxc8 Rxc8 35. fxe6 fxe6 36. Qe3 Bd5 37. Rd1 Qg5 38. Qa7 Qf4 39. Qa6 Rb8 40.
Qa7 Be4 41. Bc1 Bxc2+ 42. Kxc2 Qe4+ 43. Kb2 Rf8 44. Qb6 Qxg4 45. Re1 Nd5 46.
Qxe6+ Qxe6 47. Rxe6 Rf2+ 48. Ka3 Nxc3 49. Kb4 Na2+ 0-1

[Event "Iuliu Szabo Memorial 2019"]
[Site "Satu Mare ROU"]
[Date "2019.08.06"]
[Round "6.11"]
[White "Florescu, Codrut-Constantin"]
[Black "Helmer, Janos"]
[Result "1-0"]
[WhiteElo "2314"]
[BlackElo "2013"]
[PlyCount "95"]
[EventDate "2019.08.02"]

1. d4 Nf6 2. Nf3 g6 3. Bf4 Bg7 4. e3 d6 5. Be2 Nbd7 6. h3 b6 7. O-O Bb7 8. a4
a5 9. c3 O-O 10. Bb5 Ne4 11. Bh2 e6 12. Nbd2 Ndf6 13. Qc2 Qe7 14. Rae1 Rfd8 15.
Re2 Nxd2 16. Nxd2 e5 17. f4 e4 18. Rfe1 c6 19. Bc4 d5 20. Bb3 b5 21. g4 Ne8 22.
Bg3 Nd6 23. Rg2 f5 24. Nf1 Rd7 25. Qf2 Ba6 26. Bh4 Qe6 27. Bd1 bxa4 28. Ng3 Rf8
29. gxf5 Nxf5 30. Nxf5 gxf5 31. Kh2 Kh8 32. Reg1 Bb5 33. Bg5 Qd6 34. Qh4 Rdf7
35. Bh5 Rc7 36. Bg6 Qxg6 37. Be7 Qxg2+ 38. Rxg2 Rf7 39. Rxg7 Rxg7 40. Bf6 Rcf7
41. Qg5 Be2 42. Qxf5 Kg8 43. Qc8+ Rf8 44. Qe6+ Rgf7 45. Be5 Ra8 46. Qxc6 Ra6
47. Qxd5 Bf3 48. f5 1-0

[Event "Iuliu Szabo Memorial 2019"]
[Site "Satu Mare ROU"]
[Date "2019.08.07"]
[Round "8.14"]
[White "Mintau, Andrei-Catalin"]
[Black "Florescu, Codrut-Constantin"]
[Result "0-1"]
[WhiteElo "2030"]
[BlackElo "2314"]
[PlyCount "72"]
[EventDate "2019.08.02"]

1. e4 c5 2. Nf3 e6 3. d4 cxd4 4. Nxd4 Nf6 5. Nc3 d6 6. g3 a6 7. Bg2 Be7 8. O-O
O-O 9. f4 Qc7 10. g4 Nc6 11. Nxc6 bxc6 12. g5 Nd7 13. f5 Re8 14. f6 Bf8 15. Ne2
Ne5 16. Ng3 g6 17. h4 a5 18. h5 Ba6 19. Rf4 d5 20. Rh4 Nd3 21. cxd3 Qxg3 22.
Rh3 Qc7 23. Qg4 e5 24. Rf3 dxe4 25. Qxe4 Rad8 26. hxg6 Rd4 27. gxh7+ Kh8 28.
Qe3 Rxd3 29. Qe4 Rd1+ 30. Kf2 Rd4 31. Qf5 Qb6 32. Kg3 Bc8 33. Qc2 Bd6 34. Bf4
exf4+ 35. Kh4 Qc5 36. Qb3 Qf5 0-1

[Event "12th Arad Open 2019"]
[Site "Arad ROU"]
[Date "2019.07.24"]
[Round "1.30"]
[White "Florescu, Codrut-Constantin"]
[Black "Georgescu, Ioan Gabriel"]
[Result "1-0"]
[WhiteElo "2312"]
[BlackElo "1793"]
[PlyCount "119"]
[EventDate "2019.07.24"]

1. d4 Nf6 2. Bf4 e6 3. e3 b6 4. Nf3 Bb7 5. Bd3 Nh5 6. Bg5 Be7 7. h4 Nf6 8. Nbd2
h6 9. Bf4 Bd6 10. Ne5 Be7 11. Qe2 d6 12. Nef3 c5 13. c3 cxd4 14. exd4 Nbd7 15.
O-O-O Qc7 16. Kb1 O-O-O 17. c4 Kb8 18. b4 Ka8 19. Rc1 e5 20. Bg3 Rhe8 21. d5
Nh5 22. Nb3 Nf4 23. Bxf4 exf4 24. Qd2 Ne5 25. Nfd4 Nxd3 26. Qxd3 Bf6 27. Rc2
Qe7 28. Nc6 Bxc6 29. dxc6 Qe4 30. Qxe4 Rxe4 31. Rd1 Kb8 32. f3 Re6 33. b5 Kc7
34. Nd4 Bxd4 35. Rxd4 g5 36. hxg5 hxg5 37. Rd5 Re5 38. Rcd2 f6 39. Kc2 a5 40.
Rd1 Re2+ 41. R5d2 Rde8 42. Rh1 R2e7 43. Rh6 Re6 44. Rh7+ R8e7 45. Rxe7+ Rxe7
46. Kd1 Re5 47. Re2 f5 48. Re1 g4 49. Rh1 Re7 50. Rh8 gxf3 51. gxf3 Re3 52.
Rh7+ Kc8 53. Rb7 Rc3 54. Rxb6 Rxc4 55. Ra6 Kc7 56. Ra7+ Kb6 57. Rb7+ Kc5 58. c7
Kd4 59. b6 Kd3 60. Rb8 1-0

[Event "12th Arad Open 2019"]
[Site "Arad ROU"]
[Date "2019.07.25"]
[Round "2.31"]
[White "Kersten, Julian"]
[Black "Florescu, Codrut-Constantin"]
[Result "1/2-1/2"]
[WhiteElo "1951"]
[BlackElo "2312"]
[PlyCount "98"]
[EventDate "2019.07.24"]

1. d4 Nf6 2. Bg5 e6 3. e4 h6 4. Bxf6 Qxf6 5. c3 d6 6. Bd3 e5 7. Ne2 g6 8. O-O
Bg7 9. f4 Qe7 10. Nd2 O-O 11. Nf3 Nd7 12. Qd2 exd4 13. cxd4 c5 14. d5 b5 15.
Rae1 b4 16. Ng3 Bb7 17. Qc2 Nb6 18. Nd2 a5 19. Nc4 Nxc4 20. Bxc4 Rad8 21. Kh1
Kh7 22. Re2 Bd4 23. Bd3 Kg8 24. Ree1 Ra8 25. Bc4 Qd8 26. Bd3 Kg7 27. Ne2 Bf6
28. Ng1 g5 29. Qe2 Bd4 30. Nf3 f6 31. Nxd4 cxd4 32. f5 Rc8 33. Rc1 Qe7 34. Qh5
Qf7 35. Qxf7+ Kxf7 36. Rfd1 Ke7 37. Bc4 Rc5 38. b3 Rfc8 39. Rxd4 Ba6 40. Kg1
Bxc4 41. Rdxc4 Rxc4 42. bxc4 a4 43. Kf2 Kd7 44. Ke3 Rb8 45. Rb1 h5 46. Kd4 h4
47. c5 dxc5+ 48. Kxc5 Rc8+ 49. Kb5 Rc2 1/2-1/2

[Event "12th Arad Open 2019"]
[Site "Arad ROU"]
[Date "2019.07.25"]
[Round "3.27"]
[White "Florescu, Codrut-Constantin"]
[Black "Bucek, E."]
[Result "1-0"]
[WhiteElo "2312"]
[BlackElo "1960"]
[PlyCount "81"]
[EventDate "2019.07.24"]

1. d4 d5 2. Bf4 Nf6 3. e3 g6 4. Nf3 Bg7 5. Nbd2 O-O 6. h3 Nbd7 7. Bd3 c5 8. c3
b6 9. O-O Bb7 10. Qb1 Re8 11. Ne5 Nxe5 12. Bxe5 Rc8 13. a4 a6 14. Qd1 Qd7 15.
Qe2 a5 16. dxc5 bxc5 17. Bb5 Bc6 18. Nb3 c4 19. Nd4 Bxb5 20. axb5 Ra8 21. Ra2
Ne4 22. Bxg7 Kxg7 23. Rfa1 e5 24. Nc6 Nd6 25. Rxa5 Rxa5 26. Rxa5 Nxb5 27. Nb4
Rc8 28. e4 d4 29. Nd5 d3 30. Qf3 d2 31. Ra1 Rc6 32. Rd1 Nc7 33. Rxd2 Nxd5 34.
exd5 Rc5 35. d6 f6 36. Qe4 Kf7 37. Qa8 Rc8 38. Qd5+ Kf8 39. Kh2 h6 40. b4 cxb3
41. Qxb3 1-0

[Event "12th Arad Open 2019"]
[Site "Arad ROU"]
[Date "2019.07.31"]
[Round "9.8"]
[White "Florescu, Codrut-Constantin"]
[Black "Macovei, Andrei"]
[Result "0-1"]
[WhiteElo "2312"]
[BlackElo "2424"]
[PlyCount "82"]
[EventDate "2019.07.24"]

1. d4 Nf6 2. Nf3 d5 3. g3 c5 4. c3 e6 5. Bg2 Nc6 6. O-O Be7 7. dxc5 Bxc5 8. b4
Be7 9. Nbd2 O-O 10. Bb2 a6 11. a3 b5 12. a4 Bb7 13. axb5 axb5 14. Rxa8 Bxa8 15.
e3 Ne8 16. Qe2 Nd6 17. Nd4 Qb6 18. Ra1 Bb7 19. h3 Rc8 20. Kh2 Ne5 21. Ra5 Nec4
22. Nxc4 Nxc4 23. Ra2 Bf6 24. Bc1 g6 25. Bd2 Ra8 26. Be1 Ra4 27. Nb3 Qa7 28.
Rc2 Ra3 29. Nd4 Qa6 30. h4 e5 31. Nf3 Qa4 32. Rc1 Ra2 33. Qd1 Qa3 34. Rb1 Kg7
35. Kg1 Qa8 36. Nd2 Nb2 37. Qe2 e4 38. Qxb5 Nd3 39. Nb3 Re2 40. Nc5 Bc6 41. Qb6
Bd8 0-1

[Event "Memorial Iuliu Szabo (open)"]
[Site "Satu-Mare (Romania)"]
[Date "2019.08.07"]
[Round "7"]
[White "Samu, Sorin-Mihai"]
[Black "Florescu, Codrut-Constantin"]
[Result "1-0"]
[WhiteElo "2029"]
[BlackElo "2312"]
[PlyCount "122"]
[EventDate "2019.??.??"]

1. e4 c5 2. Nf3 e6 3. d4 cxd4 4. Nxd4 Nf6 5. Bd3 Nc6 6. Nxc6 bxc6 7. O-O d5 8.
Nc3 Be7 9. Qe2 O-O 10. b3 Nd7 11. Na4 Bf6 12. Ba3 Bxa1 13. Bxf8 Qxf8 14. Rxa1
Nc5 15. exd5 cxd5 16. Nxc5 Qxc5 17. a4 Bb7 18. Qh5 h6 19. Qe5 Rc8 20. Re1 Qc3
21. f3 Qb4 22. Kf2 Ba6 23. Bxa6 Qb6+ 24. Qe3 Qxa6 25. Re2 Rc7 26. Qd4 Qb7 27.
Ke1 Rc6 28. Kd1 a6 29. f4 Rb6 30. g3 Rb4 31. Qc5 g6 32. Kc1 h5 33. Re3 Kg7 34.
Rc3 Re4 35. Kb2 Rxa4 36. Qc6 Qxc6 37. Rxc6 Ra5 38. Kc3 Ra2 39. b4 a5 40. b5 Ra4
41. Ra6 Rc4+ 42. Kd3 a4 43. c3 Rc5 44. b6 Rb5 45. c4 Rb3+ 46. Kd4 Rb4 47. Kc5
Rxc4+ 48. Kb5 Rc8 49. Rxa4 Kf6 50. b7 Rb8 51. Kc6 e5 52. fxe5+ Kxe5 53. Kc7
Rxb7+ 54. Kxb7 d4 55. Kc7 d3 56. Kd7 g5 57. Kc6 d2 58. Ra1 Kd4 59. Kd6 g4 60.
Ke7 f5 61. Kf6 Ke4 1-0

[Event "XI Open 2018"]
[Site "Arad ROM"]
[Date "2018.08.07"]
[Round "4.18"]
[White "Florescu, Codrut-Constantin"]
[Black "Petrisor, Adrian-Marian"]
[Result "1/2-1/2"]
[WhiteElo "2295"]
[BlackElo "2416"]
[PlyCount "24"]
[EventDate "2018.08.05"]

1. d4 Nf6 2. Nf3 g6 3. Bf4 Bg7 4. e3 O-O 5. Be2 c5 6. c3 d5 7. Nbd2 Nfd7 8. O-O
Nc6 9. Qb3 c4 10. Qc2 e5 11. dxe5 Ndxe5 12. Nxe5 Nxe5 1/2-1/2

[Event "51st Biel Master Open"]
[Site "Biel SUI"]
[Date "2018.07.23"]
[Round "1.4"]
[White "Florescu, Codrut-Constantin"]
[Black "Gordievsky, D."]
[Result "0-1"]
[WhiteElo "2295"]
[BlackElo "2638"]
[PlyCount "122"]
[EventDate "2018.07.23"]

1. d4 Nf6 2. Nf3 g6 3. Bf4 Bg7 4. e3 O-O 5. Be2 c5 6. c3 Qb6 7. Qb3 d6 8. Nbd2
Be6 9. Qxb6 axb6 10. a3 Bd5 11. O-O Bc6 12. h3 Nbd7 13. Bh2 b5 14. Bd3 c4 15.
Bc2 d5 16. Ne5 Nb6 17. Nxc6 bxc6 18. e4 Bh6 19. f4 dxe4 20. Nxe4 Nfd5 21. Rae1
Na4 22. Bxa4 Rxa4 23. Nc5 Ra7 24. g4 e6 25. Rf3 Re8 26. Re2 Bf8 27. Ne4 f6 28.
Bg3 Kf7 29. Kg2 h6 30. Rf1 f5 31. Nd2 Bd6 32. Rf3 Rae7 33. Nf1 c5 34. dxc5 Bxc5
35. Bf2 Bd6 36. Bg3 Rd7 37. Ne3 Nf6 38. Nc2 Ne4 39. Bf2 Nxf2 40. Rfxf2 Bc5 41.
Rf1 Red8 42. Rfe1 Rd2 43. Nb4 R8d6 44. Kf1 g5 45. gxf5 exf5 46. Re5 Rf2+ 47.
Kg1 Re2+ 48. Kf1 Rxe1+ 49. Kxe1 Re6 50. Rxe6 Kxe6 51. Nc2 Kd5 52. fxg5 hxg5 53.
Ke2 Ke4 54. Ne1 g4 55. hxg4 fxg4 56. Ng2 g3 57. Ne1 Be3 58. Kf1 Bg5 59. Ke2 Bc1
60. Nc2 Bxb2 61. Nd4 Bxa3 0-1

[Event "Biel Switzerland, MTO Open"]
[Site "?"]
[Date "2018.07.23"]
[Round "?"]
[White "Florescu, Codrut-Constantin"]
[Black "Gordievsky, Dmitry"]
[Result "0-1"]
[WhiteElo "2295"]
[BlackElo "2638"]
[PlyCount "70"]
[EventDate "2018.??.??"]

1. d4 Nf6 2. Nf3 g6 3. Bf4 Bg7 4. e3 O-O 5. Be2 c5 6. c3 Qb6 7. Qb3 d6 8. Nbd2
Be6 9. Qxb6 axb6 10. a3 Bd5 11. O-O Bc6 12. h3 Nbd7 13. Bh2 b5 14. Bd3 c4 15.
Bc2 d5 16. Ne5 Nb6 17. Nxc6 bxc6 18. e4 Bh6 19. f4 dxe4 20. Nxe4 Nfd5 21. Rae1
Na4 22. Bxa4 Rxa4 23. Nc5 Ra7 24. g4 e6 25. Rf3 Re8 26. Re2 Bf8 27. Ne4 f6 28.
Bg3 Kf7 29. Kg2 h6 30. Rf1 f5 31. Nd2 Bd6 32. Rf3 Be7 33. Nf1 c5 34. dxc5 Bxc5
35. Bf2 Bd6 0-1

[Event "Biel Switzerland, MTO Open"]
[Site "?"]
[Date "2018.07.27"]
[Round "?"]
[White "Florescu, Codrut-Constantin"]
[Black "Michalik, Peter"]
[Result "0-1"]
[WhiteElo "2295"]
[BlackElo "2562"]
[PlyCount "92"]
[EventDate "2018.??.??"]

1. d4 Nf6 2. Nf3 g6 3. Bf4 Bg7 4. e3 O-O 5. Be2 c5 6. c3 b6 7. Nbd2 Bb7 8. h3
d6 9. O-O Nbd7 10. a4 cxd4 11. exd4 a6 12. Re1 Rb8 13. Bf1 b5 14. axb5 axb5 15.
Bh2 Bh6 16. Qb1 Bc6 17. Ra6 Nb6 18. Qa2 Nfd5 19. Qa5 Qd7 20. Ra7 Ra8 21. Rxd7
Rxa5 22. Rdxe7 Nxe7 23. Rxe7 Rd8 24. Re1 Ra2 25. Rb1 Na4 26. c4 Bxf3 27. Nxf3
bxc4 28. Bxc4 Rxb2 29. Ra1 Rb4 30. Bf1 Nc3 31. Bd3 Nb5 32. Bxb5 Rxb5 33. Bg3
Rd5 34. Ra4 Re8 35. Ra6 Re6 36. Kh1 g5 37. Kg1 Bf8 38. Ra8 h6 39. Kh1 f5 40.
Kg1 Kf7 41. Ra7+ Re7 42. Ra6 Re6 43. Ra7+ Kg6 44. Ra6 f4 45. Bh2 Bg7 46. Ra4
Bxd4 0-1

[Event "10th Arad Open 2017"]
[Site "Arad ROU"]
[Date "2017.08.07"]
[Round "3.10"]
[White "Miron, Lucian Costin"]
[Black "Florescu, Codrut-Constantin"]
[Result "0-1"]
[WhiteElo "2495"]
[BlackElo "2269"]
[PlyCount "146"]
[EventDate "2017.??.??"]

1. d4 Nf6 2. c4 c5 3. d5 e6 4. Nc3 exd5 5. cxd5 d6 6. e4 g6 7. f4 Bg7 8. Bb5+
Nfd7 9. Be2 Qh4+ 10. g3 Qd8 11. Nf3 O-O 12. O-O Na6 13. Kg2 Nc7 14. f5 Nf6 15.
Bg5 Re8 16. fxg6 hxg6 17. Nd2 Re5 18. Nf3 Re8 19. Ng1 Re5 20. Qd2 Nce8 21. Rf2
Qb6 22. Raf1 Nxe4 23. Nxe4 Rxe4 24. Rxf7 Bf5 25. R7xf5 gxf5 26. Bd3 Qxb2 27.
Qxb2 Bxb2 28. Bxe4 fxe4 29. Rb1 Be5 30. Rxb7 Rc8 31. Rxa7 c4 32. Ne2 Nc7 33.
Ra5 Rb8 34. Kf2 Rb2 35. Bc1 Rc2 36. Ke1 Rxc1+ 37. Nxc1 Bc3+ 38. Ke2 Bxa5 39.
Ke3 Nxd5+ 40. Kxe4 Nf6+ 41. Kd4 d5 42. Ne2 Kf7 43. Kc5 Bd2 44. a4 Ke6 45. Nd4+
Kd7 46. Nc2 Bc3 47. Ne3 Be5 48. Nxc4 dxc4 49. Kxc4 Ng4 50. Kd5 Bc7 51. h3 Nf2
52. h4 Bxg3 53. h5 Ng4 54. a5 Kc7 55. a6 Nh6 56. a7 Kb7 57. Kc5 Kxa7 58. Kc6
Bf4 59. Kc5 Bc1 60. Kc6 Ng4 61. Kc7 Nf6 62. Kc6 Nxh5 63. Kc7 Nf4 64. Kc6 Bb2
65. Kc7 Bd4 66. Kc8 Kb6 67. Kb8 Ne6 68. Ka8 Kc6 69. Kb8 Nc7 70. Kc8 Ba7 71. Kd8
Nd5 72. Ke8 Kd6 73. Kf7 Ne7 0-1

[Event "10th Arad Open 2017"]
[Site "Arad ROU"]
[Date "2017.08.08"]
[Round "4.4"]
[White "Florescu, Codrut-Constantin"]
[Black "Jianu, Vlad Cristian"]
[Result "1/2-1/2"]
[WhiteElo "2269"]
[BlackElo "2558"]
[PlyCount "40"]
[EventDate "2017.??.??"]

1. d4 Nf6 2. Nf3 e6 3. Bf4 c5 4. e3 Nc6 5. c3 d5 6. Nbd2 Bd6 7. Bg3 O-O 8. Bd3
b6 9. Ne5 Bb7 10. f4 Ne7 11. Qf3 Nf5 12. Bf2 Be7 13. Qh3 Ne4 14. Nxe4 dxe4 15.
Be2 cxd4 16. exd4 e3 17. Bxe3 Bxg2 18. Qxg2 Nxe3 19. Qe4 Qd5 20. Bf3 Qxe4
1/2-1/2

[Event "10th Arad Open 2017"]
[Site "Arad ROU"]
[Date "2017.08.09"]
[Round "5.7"]
[White "Stefansson, Hannes Hlifar"]
[Black "Florescu, Codrut-Constantin"]
[Result "0-1"]
[WhiteElo "2521"]
[BlackElo "2269"]
[PlyCount "58"]
[EventDate "2017.??.??"]

1. e4 c5 2. Nf3 e6 3. d4 cxd4 4. Nxd4 Qb6 5. Nb3 Nc6 6. Nc3 a6 7. Bd3 Nf6 8.
Be3 Qc7 9. f4 d6 10. Qf3 Be7 11. O-O O-O 12. g4 b5 13. g5 Nd7 14. f5 b4 15. Ne2
Nde5 16. Qg3 Re8 17. f6 Bf8 18. fxg7 Bxg7 19. Nf4 Kh8 20. Nh5 Rg8 21. Rf2 a5
22. Raf1 a4 23. Nd4 Nxd4 24. Bxd4 Nf3+ 25. Qxf3 Bxd4 26. e5 Rxg5+ 27. Kh1 Bb7
28. Be4 Rf5 29. exd6 Rxf3 0-1

[Event "10th Arad Open 2017"]
[Site "Arad ROU"]
[Date "2017.08.10"]
[Round "6.2"]
[White "Florescu, Codrut-Constantin"]
[Black "Istratescu, Andrei"]
[Result "1/2-1/2"]
[WhiteElo "2269"]
[BlackElo "2604"]
[PlyCount "141"]
[EventDate "2017.??.??"]

1. d4 Nf6 2. Nf3 g6 3. Bf4 Bg7 4. e3 d6 5. Be2 O-O 6. O-O c5 7. c3 b6 8. Nbd2
Bb7 9. h3 Nbd7 10. Bh2 Ne4 11. Nxe4 Bxe4 12. Nd2 Bb7 13. Bf3 Qc7 14. Qe2 Rfd8
15. Rfd1 Rac8 16. Bg3 a6 17. a4 Bxf3 18. Qxf3 b5 19. axb5 axb5 20. Ne4 cxd4 21.
cxd4 Nb6 22. Nc3 Qd7 23. Nd5 Nxd5 24. Qxd5 Bf6 25. Ra5 Rb8 26. Rda1 h5 27. Ra8
h4 28. Rxb8 Rxb8 29. Bf4 Qc7 30. g4 hxg3 31. Bxg3 Kg7 32. Kg2 Qc4 33. Qxc4 bxc4
34. Ra4 Rc8 35. Rb4 d5 36. Rb5 e6 37. Bd6 Rc6 38. Bb4 Bd8 39. Bc5 Ra6 40. Rb8
Bh4 41. Bf8+ Kf6 42. Rb7 g5 43. Be7+ Kg6 44. Ba3 f6 45. Kf3 Kf5 46. Rb5 Kg6 47.
Rb7 Rc6 48. Bb4 Rc8 49. Rb6 Kf5 50. Rb5 Rd8 51. Rb6 Rg8 52. Rb5 Rd8 53. Rb6 Ra8
54. Ba3 c3 55. Rc6 cxb2 56. Bxb2 Ra2 57. Rb6 Ra4 58. Rb5 Rc4 59. Rc5 Rxc5 60.
dxc5 e5 61. Ke2 Ke6 62. f3 Bg3 63. e4 d4 64. c6 Kd6 65. Ba3+ Kxc6 66. Be7 Kd7
67. Bxf6 Bf4 68. Kd3 Ke6 69. Bd8 Kf7 70. h4 gxh4 71. Bxh4 1/2-1/2

[Event "10th Arad Open 2017"]
[Site "Arad ROU"]
[Date "2017.08.11"]
[Round "7.5"]
[White "Korpa, B."]
[Black "Florescu, Codrut-Constantin"]
[Result "1/2-1/2"]
[WhiteElo "2497"]
[BlackElo "2269"]
[PlyCount "56"]
[EventDate "2017.??.??"]

1. Nf3 d5 2. g3 Bg4 3. Bg2 Nd7 4. c4 e6 5. cxd5 exd5 6. h3 Bxf3 7. Bxf3 c6 8.
d3 Ngf6 9. O-O Bd6 10. e4 O-O 11. Nc3 dxe4 12. dxe4 Ne5 13. Be2 Bb4 14. f4 Qb6+
15. Kg2 Rad8 16. Qc2 Ng6 17. Bf3 Rfe8 18. Na4 Qb5 19. a3 Bf8 20. b4 Qd3 21.
Qxd3 Rxd3 22. Re1 h5 23. e5 h4 24. Re3 Rxe3 25. Bxe3 hxg3 26. Kxg3 Ne7 27. exf6
Nf5+ 28. Kf2 Rxe3 1/2-1/2

[Event "10th Arad Open 2017"]
[Site "Arad ROU"]
[Date "2017.08.12"]
[Round "8.5"]
[White "Costachi, Mihnea"]
[Black "Florescu, Codrut-Constantin"]
[Result "1-0"]
[WhiteElo "2423"]
[BlackElo "2269"]
[PlyCount "89"]
[EventDate "2017.??.??"]

1. d4 d5 2. c4 c6 3. Nf3 e6 4. e3 Nf6 5. b3 Nbd7 6. Bd3 Bb4+ 7. Bd2 Bd6 8. Bc3
Ne4 9. O-O f5 10. Bb2 Qe7 11. Ne5 O-O 12. f3 Ng5 13. Kh1 Nf7 14. f4 Nf6 15. Nd2
Ne4 16. Qe2 Nxe5 17. dxe5 Bb4 18. Nf3 a5 19. Nd4 Bc5 20. g4 Qh4 21. Bxe4 fxe4
22. Rac1 Qe7 23. Qc2 Bxd4 24. Bxd4 c5 25. Bb2 d4 26. exd4 cxd4 27. Bxd4 e3 28.
Kg1 Bd7 29. Bxe3 a4 30. Qf2 Rfc8 31. Rcd1 axb3 32. axb3 Bc6 33. Bc5 Qe8 34. f5
Be4 35. f6 Rc7 36. Be7 gxf6 37. exf6 Bg6 38. Qf4 Rac8 39. Rd2 Kf7 40. Rfd1 Qc6
41. Bd8 Qc5+ 42. Kg2 e5 43. Qh6 Be4+ 44. Kg3 Qa3 45. Qg7+ 1-0

[Event "10th Arad Open 2017"]
[Site "Arad ROU"]
[Date "2017.08.13"]
[Round "9.17"]
[White "Florescu, Codrut-Constantin"]
[Black "Balla, Tamas Kristof"]
[Result "0-1"]
[WhiteElo "2269"]
[BlackElo "2371"]
[PlyCount "70"]
[EventDate "2017.??.??"]

1. e4 c5 2. Nf3 e6 3. d4 cxd4 4. Nxd4 a6 5. Bd3 Bc5 6. Nb3 Be7 7. O-O d6 8. Qg4
Nf6 9. Qxg7 Rg8 10. Qh6 Nc6 11. Nc3 b5 12. a3 Qc7 13. Be2 Bb7 14. Be3 Ne5 15.
f3 Nc4 16. Bxc4 bxc4 17. Nd4 Rg6 18. Qh3 O-O-O 19. Rae1 Rdg8 20. Re2 d5 21. f4
dxe4 22. f5 Rg4 23. fxe6 fxe6 24. Ref2 Qe5 25. Nde2 Nh5 26. Kh1 Rh4 27. Rf8+
Rxf8 28. Rxf8+ Kd7 29. Bd4 Qd6 30. Qxh4 Bxh4 31. Rf7+ Be7 32. Rxh7 e5 33. Be3
Nf4 34. Ng3 Qg6 35. Rh8 Qg7 0-1